000 00646nam a2200205Ia 4500
008 240729s9999 xx 000 0 und d
022 _a2213-1582
245 0 _aNeuroImage: Clinical
260 _aNetherlands
260 _bElsevier
650 _a Computer applications to medicine. Medical informatics | Medicine
650 _a Internal medicine
650 _a Medicine (General)
650 _a Neurology. Diseases of the nervous system
650 _a Neurosciences. Biological psychiatry. Neuropsychiatry
650 _aMedicine
856 _uhttps://doaj.org/toc/ff9cb9ee01834632aadab305d653f41c
942 _2ddc
942 _cDOAJEJ
999 _c71899
_d71899
945 _a1
_bMadushi Gamage
_c1
_dMadushi Gamage